[Event "TUR Cup										"]
[Site "Antalya"]
[Date "2018.02.01"]
[Round "8"]
[White "Arca, Ekin"]
[Black "Orel, Yusuf"]
[Result "1-0"]
[WhiteElo "1866"]
[BlackElo "1330"]
[PlyCount "113"]
[EventDate "2018.01.27"]
[EventType "swiss"]
[EventRounds "11"]
[EventCountry "TUR"]
[SourceTitle "CBM 182 Extra"]
[Source "ChessBase"]
[SourceDate "2018.02.23"]
[SourceVersion "1"]
[SourceVersionDate "2018.02.23"]
[SourceQuality "1"]

1. Nf3 e6 2. d4 d5 3. c4 Bb4+ 4. Bd2 Bxd2+ 5. Qxd2 Nf6 6. Nc3 0-0 7. e3 c6 8. Bd3 h6 9. 0-0 Nbd7 10. Rfe1 Nb6 11. b3 Bd7 12. Ne5 Be8 13. Rac1 a5 14. Bb1 Nbd7 15. f4 Qb6 16. c5 Qc7 17. Qc2 g6 18. Qf2 Kh7 19. Qh4 Ng8 20. g4 Ndf6 21. g5 Nd7 22. Ng4 f5 23. Nxh6 Kg7 24. Rf1 Ne7 25. Rf3 Rh8 26. Rh3 Bf7 27. Nd1 Raf8 28. Nf2 Be8 29. Nd3 Nb8 30. a3 b5 31. cxb6 Qxb6 32. Nc5 Bd7 33. Bd3 Bc8 34. Rb1 Qc7 35. Qe1 Re8 36. b4 axb4 37. Qxb4 Bd7 38. a4 Ng8 39. Qb7 Qd6 40. Nf7 Kxf7 41. Rxh8 Kg7 42. Rh3 Qe7 43. a5 e5 44. a6 Bc8 45. Qxe7+ Rxe7 46. Rxb8 Bxa6 47. Bxa6 exd4 48. Rb7 dxe3 49. Rxe3 Kf7 50. Kf2 Rxb7 51. Bxb7 Ne7 52. Ke2 d4 53. Rxe7+ Kxe7 54. Kd3 Kd6 55. Kxd4 Kc7 56. Ke5 Kb6 57. Kd6 1-0

[Event "TUR Cup										"]
[Site "Antalya"]
[Date "2018.02.01"]
[Round "9"]
[White "Saritarla, Abdullah"]
[Black "Arca, Ekin"]
[Result "1/2-1/2"]
[WhiteElo "1537"]
[BlackElo "1866"]
[PlyCount "47"]
[EventDate "2018.01.27"]
[EventType "swiss"]
[EventRounds "11"]
[EventCountry "TUR"]
[SourceTitle "CBM 182 Extra"]
[Source "ChessBase"]
[SourceDate "2018.02.23"]
[SourceVersion "1"]
[SourceVersionDate "2018.02.23"]
[SourceQuality "1"]

1. d4 Nf6 2. Nf3 e6 3. Bf4 d5 4. e3 Bd6 5. Bg3 Nbd7 6. Bd3 Qe7 7. Ne5 Bxe5 8. dxe5 Ne4 9. Bxe4 dxe4 10. Qd4 0-0 11. Nc3 f5 12. exf6 Nxf6 13. Nxe4 Nd5 14. c3 b6 15. 0-0 Bb7 16. Rfd1 Rad8 17. Qa4 a6 18. a3 b5 19. Qc2 Nb6 20. b4 Nc4 21. Nc5 Bc8 22. a4 e5 23. axb5 axb5 24. h3 1/2-1/2

[Event "TUR Cup										"]
[Site "Antalya"]
[Date "2018.01.31"]
[Round "7"]
[White "Balci, Mesut Taner"]
[Black "Arca, Ekin"]
[Result "0-1"]
[WhiteElo "1344"]
[BlackElo "1866"]
[PlyCount "53"]
[EventDate "2018.01.27"]
[EventType "swiss"]
[EventRounds "11"]
[EventCountry "TUR"]
[SourceTitle "CBM 182 Extra"]
[Source "ChessBase"]
[SourceDate "2018.02.23"]
[SourceVersion "1"]
[SourceVersionDate "2018.02.23"]
[SourceQuality "1"]

1. e4 g6 2. d4 Bg7 3. Nf3 d6 4. Bc4 e6 5. c3 a6 6. Be3 Nd7 7. Nbd2 Ne7 8. Bd3 0-0 9. h4 f5 10. Ng5 Nf6 11. h5 h6 12. exf5 exf5 13. hxg6 hxg5 14. Bxg5 Nxg6 15. Qb3+ d5 16. 0-0-0 Qd6 17. Bh6 Ng4 18. Bxg7 Kxg7 19. Rdf1 b6 20. Qc2 Nf4 21. Kb1 Bd7 22. Nf3 Nxd3 23. Qxd3 Bb5 24. Qd2 Bxf1 25. Ne5 Nxe5 26. dxe5 Qg6 27. Rxf1 0-1

[Event "Arber op 6th"]
[Site "Bodenmais"]
[Date "2017.07.31"]
[Round "3"]
[White "Arca, Ekin"]
[Black "Kolb, Wolfgang"]
[Result "1/2-1/2"]
[WhiteElo "1795"]
[BlackElo "2063"]
[PlyCount "87"]
[EventDate "2017.07.29"]
[EventType "swiss"]
[EventRounds "9"]
[EventCountry "GER"]
[SourceTitle "CBM 179 Extra"]
[Source "ChessBase"]
[SourceDate "2017.08.23"]
[SourceVersion "1"]
[SourceVersionDate "2017.08.23"]
[SourceQuality "1"]

1. d4 Nf6 2. Nf3 e6 3. g3 b6 4. Bg2 Bb7 5. 0-0 Be7 6. c4 0-0 7. Nc3 d5 8. Ne5 c6 9. h3 Nbd7 10. e4 Nxe5 11. dxe5 Nxe4 12. Nxe4 dxe4 13. Bxe4 Qc7 14. Re1 Bb4 15. Re2 Rfd8 16. Qc2 g6 17. Bg5 Be7 18. Bxe7 Qxe7 19. Rd1 c5 20. Bxb7 Qxb7 21. Red2 Rxd2 22. Rxd2 Kf8 23. Qd3 Ke8 24. Qd6 Rc8 25. Qd3 Qc7 26. f4 h5 27. Kf2 Rd8 28. Qxd8+ Qxd8 29. Rxd8+ Kxd8 30. Kf3 Kd7 31. g4 hxg4+ 32. Kxg4 Ke8 33. Kg5 Ke7 34. h4 Ke8 35. Kg4 Kf8 36. h5 Kg7 37. hxg6 Kxg6 38. Kg3 f6 39. exf6 Kxf6 40. Kf2 Kf5 41. Kf3 e5 42. fxe5 Kxe5 43. Ke3 Kf5 44. Kf3 1/2-1/2

[Event "TUR Cup"]
[Site "Antalya"]
[Date "2017.01.31"]
[Round "5"]
[White "Arca, Ekin"]
[Black "Tolon, Adman Devran"]
[Result "1/2-1/2"]
[WhiteElo "1848"]
[BlackElo "1687"]
[PlyCount "40"]
[EventDate "2017.01.28"]
[EventType "swiss"]
[EventRounds "11"]
[EventCountry "TUR"]
[SourceTitle "CBM 176 Extra"]
[Source "ChessBase"]
[SourceDate "2017.03.02"]
[SourceVersion "1"]
[SourceVersionDate "2017.03.02"]
[SourceQuality "1"]

1. b3 d5 2. Bb2 Bf5 3. Nf3 h6 4. e3 e6 5. c4 Nf6 6. Nc3 c6 7. Be2 Bd6 8. d3 0-0 9. 0-0 Qe7 10. Qc2 Nbd7 11. e4 dxe4 12. Nxe4 Nxe4 13. dxe4 Bh7 14. Bd3 e5 15. a3 a5 16. Qe2 Rfe8 17. Bc2 Nf8 18. Rfd1 g5 19. g3 f6 20. Rd2 Ne6 1/2-1/2

[Event "Manavgat Turkey Cup"]
[Site "Manavgat"]
[Date "2016.02.05"]
[Round "10"]
[White "Arca, Ekin"]
[Black "Ozgen, Tolga"]
[Result "1/2-1/2"]
[WhiteElo "1844"]
[BlackElo "1614"]
[PlyCount "100"]
[EventDate "2016.01.30"]
[EventType "swiss"]
[EventRounds "11"]
[EventCountry "TUR"]
[SourceTitle "CBM 170 Extra"]
[Source "ChessBase"]
[SourceDate "2016.02.25"]
[SourceVersion "1"]
[SourceVersionDate "2016.02.25"]
[SourceQuality "1"]

1. e4 c5 2. Nc3 Nc6 3. g3 g6 4. Bg2 Bg7 5. d3 d6 6. Be3 Nf6 7. h3 0-0 8. Qd2 Rb8 9. f4 Bd7 10. Nf3 b5 11. 0-0 b4 12. Nd1 c4 13. g4 Qa5 14. Qe1 cxd3 15. cxd3 Qb5 16. Qd2 Rfc8 17. f5 Ne5 18. Nxe5 Qxe5 19. Bxa7 Rb7 20. Qf2 Rbc7 21. Bd4 Qb5 22. Qf3 Be8 23. a3 Nd7 24. Bxg7 Kxg7 25. Nf2 Rc2 26. Rfb1 Rd2 27. Rc1 Rcc2 28. Rxc2 Rxc2 29. Qe3 Rxb2 30. axb4 Rxb4 31. Ra7 Rb1+ 32. Bf1 Qb6 33. Qxb6 Rxb6 34. fxg6 hxg6 35. Kg2 Kf6 36. Ra8 Rb8 37. Rxb8 Nxb8 38. d4 Bc6 39. Kf3 Nd7 40. h4 Kg7 41. Ke3 e6 42. Bd3 f6 43. Nd1 d5 44. Nc3 Nb6 45. Kf4 dxe4 46. Bxe4 Bxe4 47. Kxe4 Kh6 48. Kf4 Nd7 49. d5 exd5 50. Nxd5 Kg7 1/2-1/2

[Event "Manavgat Turkey Cup"]
[Site "Manavgat"]
[Date "2016.02.04"]
[Round "9"]
[White "Keskin, Cengiz"]
[Black "Arca, Ekin"]
[Result "1/2-1/2"]
[WhiteElo "1491"]
[BlackElo "1844"]
[PlyCount "146"]
[EventDate "2016.01.30"]
[EventType "swiss"]
[EventRounds "11"]
[EventCountry "TUR"]
[SourceTitle "CBM 170 Extra"]
[Source "ChessBase"]
[SourceDate "2016.02.25"]
[SourceVersion "1"]
[SourceVersionDate "2016.02.25"]
[SourceQuality "1"]

1. e4 c5 2. Nf3 d6 3. d4 Nf6 4. Bd3 cxd4 5. Nxd4 a6 6. 0-0 b5 7. c3 g6 8. Bg5 Bg7 9. Nd2 0-0 10. Kh1 e5 11. Ne2 Nbd7 12. a4 Rb8 13. axb5 axb5 14. b4 Qc7 15. Ra5 Qc6 16. f3 Re8 17. Qb3 Nf8 18. Rfa1 h6 19. Be3 Rd8 20. Ba7 Be6 21. Qb1 Rb7 22. Ra6 Qd7 23. R1a5 d5 24. Bb6 dxe4 25. Bxb5 Qxd2 26. Bxd8 Rxb5 27. Ng1 Rxa5 28. Bxa5 e3 29. b5 Bc4 30. Bb6 e2 31. Bf2 Qxc3 32. Rc6 Qd3 33. Qxd3 Bxd3 34. b6 Ba6 35. Rc2 Bd3 36. Rd2 e4 37. Nxe2 N8d7 38. Nf4 Bc4 39. b7 Ba6 40. b8Q+ Nxb8 41. Rd8+ Kh7 42. Rxb8 exf3 43. gxf3 g5 44. Ng2 Be2 45. Ne1 h5 46. Be3 Kg6 47. Rb6 Kf5 48. Rb7 Kg6 49. Rb6 Kf5 50. Rb1 Bc4 51. Rc1 Be6 52. Rc5+ Nd5 53. Nc2 Kg6 54. Bc1 Bf8 55. Ra5 Bg7 56. Kg1 Nb6 57. Rxg5+ Kh7 58. Rxh5+ Kg6 59. Rg5+ Kh7 60. Rb5 Nc4 61. Kf2 Ne5 62. Kg3 Bc4 63. Ra5 Bd3 64. Nb4 Bc4 65. f4 Nd3 66. Nxd3 Bxd3 67. h4 f5 68. Ra7 Kg6 69. h5+ Kh6 70. Ba3 Be2 71. Rxg7 Kxg7 72. Kh4 Kh7 73. Kg5 Bd3 1/2-1/2

[Event "Manavgat Turkey Cup"]
[Site "Manavgat"]
[Date "2016.02.02"]
[Round "5"]
[White "Gundogan, Sinem Cagla"]
[Black "Arca, Ekin"]
[Result "1-0"]
[WhiteElo "2002"]
[BlackElo "1844"]
[PlyCount "110"]
[EventDate "2016.01.30"]
[EventType "swiss"]
[EventRounds "11"]
[EventCountry "TUR"]
[SourceTitle "CBM 170 Extra"]
[Source "ChessBase"]
[SourceDate "2016.02.25"]
[SourceVersion "1"]
[SourceVersionDate "2016.02.25"]
[SourceQuality "1"]

1. e4 c5 2. Nf3 a6 3. a4 d6 4. g3 Nc6 5. Bg2 g6 6. d3 Bg7 7. c3 Nf6 8. 0-0 Rb8 9. Re1 Qc7 10. Nbd2 0-0 11. Nf1 b5 12. axb5 axb5 13. d4 Nd7 14. Be3 b4 15. h4 bxc3 16. bxc3 Nf6 17. Bg5 Ng4 18. Ne3 h6 19. Nd5 Qd8 20. Bc1 e6 21. Nf4 cxd4 22. cxd4 Qb6 23. Ra2 Nf6 24. Rb2 Qa7 25. Rxb8 Qxb8 26. d5 exd5 27. Nxd5 Nxd5 28. Qxd5 Bb7 29. Ba3 Rd8 30. Rb1 Qa8 31. Nd2 Na5 32. Qb5 Bc3 33. Bb4 Bxd2 34. Bxd2 Bxe4 35. Bxe4 Qxe4 36. Bxa5 Re8 37. Re1 Qxe1+ 38. Bxe1 Rxe1+ 39. Kg2 Re6 40. g4 Kg7 41. f4 Kh7 42. Qd7 Kg7 43. Kf3 Kf6 44. Qd8+ Kg7 45. f5 gxf5 46. gxf5 Re5 47. Kf4 Rd5 48. h5 Rd4+ 49. Ke3 Rd5 50. f6+ Kh7 51. Qf8 Re5+ 52. Kf4 Rg5 53. Qxf7+ Kh8 54. Qf8+ Kh7 55. Qe7+ Kh8 1-0

[Event "Manavgat Turkey Cup"]
[Site "Manavgat"]
[Date "2016.01.31"]
[Round "2"]
[White "Arca, Ekin"]
[Black "Yigit, Ahmet Yasir"]
[Result "1-0"]
[WhiteElo "1844"]
[BlackElo "1961"]
[PlyCount "131"]
[EventDate "2016.01.30"]
[EventType "swiss"]
[EventRounds "11"]
[EventCountry "TUR"]
[SourceTitle "CBM 170 Extra"]
[Source "ChessBase"]
[SourceDate "2016.02.25"]
[SourceVersion "1"]
[SourceVersionDate "2016.02.25"]
[SourceQuality "1"]

1. d4 Nf6 2. Bf4 g6 3. e3 Bg7 4. Nf3 d6 5. h3 0-0 6. Bd3 Nc6 7. c4 Nd7 8. Bg5 Qe8 9. Nc3 Nf6 10. Bxf6 exf6 11. Nd5 Qd8 12. 0-0 f5 13. Qb1 a5 14. a3 Be6 15. Nc3 d5 16. cxd5 Bxd5 17. Nxd5 Qxd5 18. Rc1 Qd6 19. Bb5 Ne7 20. Rd1 c6 21. Bc4 Nd5 22. Qa2 Rfd8 23. Rac1 Qe7 24. Qb1 a4 25. Ba2 Ra5 26. Re1 Nf6 27. Ne5 Rf8 28. Rc4 Ne4 29. Nf3 Nd6 30. Rcc1 g5 31. Nd2 g4 32. Nc4 Nxc4 33. Rxc4 gxh3 34. g3 Re8 35. Kh2 h5 36. Qc2 h4 37. Bb1 hxg3+ 38. fxg3 Qg5 39. Qf2 Bh6 40. Rc3 Qg4 41. Bd3 f4 42. Bc4 fxg3+ 43. Qxg3 Bf4 44. exf4 Qxg3+ 45. Rxg3+ Kf8 46. Rxe8+ Kxe8 47. Kxh3 Rf5 48. Kg4 Rf6 49. d5 b5 50. Re3+ Kd8 51. Ba2 c5 52. b3 axb3 53. Rxb3 Ra6 54. Rxb5 Rxa3 55. Bc4 Ke7 56. Rxc5 Kd7 57. Kf5 Rf3 58. Rc6 Rf2 59. Bb5 Rb2 60. Bc4 Rf2 61. Rf6 Ke7 62. d6+ Kd7 63. Bb5+ Kc8 64. Rxf7 Rd2 65. Rf8+ Kb7 66. d7 1-0

[Event "Kemer Turkey Cup"]
[Site "Kemer"]
[Date "2014.02.06"]
[Round "7"]
[White "Arca, Ekin"]
[Black "Demir, Baran"]
[Result "1/2-1/2"]
[WhiteElo "1915"]
[BlackElo "1745"]
[PlyCount "117"]
[EventDate "2014.02.01"]
[EventType "swiss"]
[EventRounds "9"]
[EventCountry "TUR"]
[SourceTitle "CBM 158 Extra"]
[Source "ChessBase"]
[SourceDate "2014.02.28"]
[SourceVersion "1"]
[SourceVersionDate "2014.02.28"]
[SourceQuality "1"]

1. e4 c6 2. d4 d5 3. Nc3 dxe4 4. Nxe4 Nf6 5. Ng5 Bf5 6. Bd3 Qxd4 7. N1f3 Qb4+ 8. c3 Qa5 9. Bxf5 Qxf5 10. Qb3 Nd5 11. Qxb7 Nb6 12. Qc7 h6 13. Nh3 g5 14. Be3 Qd7 15. Qe5 f6 16. Qe4 Qd5 17. Qxd5 Nxd5 18. Nd4 Nxe3 19. fxe3 Kf7 20. Nf2 c5 21. Nb3 e6 22. Rd1 Be7 23. Ne4 Na6 24. Nd6+ Kg6 25. h4 Rad8 26. h5+ Kg7 27. Nc4 Rxd1+ 28. Kxd1 Rd8+ 29. Ke2 Nc7 30. Nba5 Rd7 31. Nc6 Nd5 32. Rd1 Bd6 33. N6a5 Bc7 34. Nb3 Nb6 35. Nxc5 Rxd1 36. Kxd1 Nxc4 37. Nxe6+ Kf7 38. Nxc7 Nxe3+ 39. Ke2 Nxg2 40. Kf3 Nh4+ 41. Kg3 Nf5+ 42. Kg4 Ne3+ 43. Kf3 Nd1 44. Nb5 a6 45. Nc7 Nxb2 46. Nxa6 f5 47. Nc5 Nc4 48. a4 Ke7 49. Nb3 Ne5+ 50. Kg2 Kd7 51. Nd4 f4 52. Nf5 Ng4 53. c4 Kc6 54. a5 Nf6 55. Nxh6 Nxh5 56. Nf7 Ng3 57. Nxg5 Nf5 58. Kf3 Ne3 59. Kxf4 1/2-1/2

[Event "Kemer Turkey Cup"]
[Site "Kemer"]
[Date "2014.02.03"]
[Round "4"]
[White "Kesgin, Halit Kaan"]
[Black "Arca, Ekin"]
[Result "1/2-1/2"]
[WhiteElo "1825"]
[BlackElo "1915"]
[PlyCount "186"]
[EventDate "2014.02.01"]
[EventType "swiss"]
[EventRounds "9"]
[EventCountry "TUR"]
[SourceTitle "CBM 158 Extra"]
[Source "ChessBase"]
[SourceDate "2014.02.28"]
[SourceVersion "1"]
[SourceVersionDate "2014.02.28"]
[SourceQuality "1"]

1. e4 e6 2. d4 d5 3. Nd2 Nf6 4. e5 Nfd7 5. Bd3 c5 6. c3 Nc6 7. Ne2 Be7 8. 0-0 cxd4 9. cxd4 Qb6 10. Nf3 Nf8 11. b3 Bd7 12. Bb2 Nb4 13. Bb1 Bb5 14. a3 Nc6 15. Re1 Na5 16. Ba2 Ba4 17. Nd2 Rc8 18. Nc3 Bd7 19. b4 Nc4 20. Bxc4 dxc4 21. d5 Ng6 22. Re4 Qa6 23. Qe2 exd5 24. Nxd5 Be6 25. Nc3 0-0 26. Nf3 Rfd8 27. Rd1 b5 28. Red4 Qb6 29. Qe3 Qb8 30. Ne4 Rxd4 31. Bxd4 Rd8 32. Rd2 a6 33. Bc5 Bd5 34. Bxe7 Nxe7 35. Nd6 h6 36. h3 Qa8 37. Nh4 Qc6 38. Qg3 Be6 39. f4 g6 40. Kh2 Kh7 41. Rf2 Qd7 42. Qe3 Nf5 43. Nhxf5 Bxf5 44. g4 Bd3 45. Qb6 Ra8 46. Qd4 Qa7 47. Qxa7 Rxa7 48. Rg2 c3 49. Rg1 a5 50. Rc1 c2 51. Kg3 axb4 52. axb4 Ra4 53. Kf3 Rxb4 54. Ke3 Rb1 55. Kd2 Kg7 56. Nb7 g5 57. Nc5 Rxc1 58. Kxc1 Bf1 59. fxg5 hxg5 60. Ne4 Bxh3 61. Nf2 Bg2 62. Kxc2 Kf8 63. Kc3 Ke7 64. Kb4 Ke6 65. Kxb5 Kxe5 66. Kc4 Kf4 67. Nd3+ Ke4 68. Nf2+ Kf3 69. Nd1 Bh3 70. Kd3 Bxg4 71. Kd2 Bd7 72. Nc3 Bc6 73. Ke1 Kg2 74. Nd1 g4 75. Ne3+ Kf3 76. Nf5 Kf4 77. Nd4 Bd7 78. Kf2 f5 79. Ne2+ Kg5 80. Kg3 Bb5 81. Nf4 Bc4 82. Ng2 Be2 83. Nf4 Bd1 84. Nd3 Bc2 85. Nf4 Kf6 86. Nh5+ Ke5 87. Nf4 Ke4 88. Ne2 Ke5 89. Nf4 Bd1 90. Ng6+ Kf6 91. Nf4 Bf3 92. Nh5+ Kg6 93. Nf4+ Kg5 1/2-1/2